MARC

LEADER 00000nam0a2200000 4500
001 375525
005 20231102012737.0
035 |a (RuTPU)RU\TPU\retro\32964 
035 |a RU\TPU\book\307134 
090 |a 375525 
100 |a 20221220d1978 k y0rusy50 ca 
101 0 |a rus 
102 |a RU 
105 |a a z 001zy 
200 1 |a Формационно-генетические типы гранитоидов  |f Г. М. Беляев, В. А. Рудник 
210 |a Ленинград  |c Недра  |d 1978 
215 |a 168 с.  |c ил. 
320 |a Библиогр.: с. 152-165. 
320 |a Предметный указатель: с. 166-167. 
606 1 |a Гранитоиды  |x Петрография  |2 stltpush  |3 (RuTPU)RU\TPU\subj\69009  |9 84040 
610 1 |a генетические типы 
610 1 |a гранитоидные интрузивы 
610 1 |a гранитоидные породы 
610 1 |a магматизм 
610 1 |a тектоника 
610 1 |a метаморфизм 
610 1 |a классификация 
675 |a 552.321.1/.3  |v 3 
700 1 |a Беляев  |b Г. М.  |g Геннадий Михайлович 
701 1 |a Рудник  |b В. А.  |g Вячеслав Александрович 
712 0 2 |a Всесоюзный научно-исследовательский геологический институт (ВСЕГЕИ)  |c (Ленинград)  |c (1939-1991)  |2 stltpush  |3 (RuTPU)RU\TPU\col\11367 
801 1 |a RU  |b 63413507  |c 20150204 
801 2 |a RU  |b 63413507  |c 20221220  |g RCR 
942 |c BK